Secure computers and networks : analysis, design, and implementation (Record no. 6695)

000 -LEADER
fixed length control field 00567 a2200193 4500
020 ## - INTERNATIONAL STANDARD BOOK NUMBER
International Standard Book Number 0-8493-1868-8 (alk. paper)
040 ## - CATALOGING SOURCE
Original cataloging agency DLC
Language of cataloging DLC
082 ## - DEWEY DECIMAL CLASSIFICATION NUMBER
Classification number 005.8
082 ## - DEWEY DECIMAL CLASSIFICATION NUMBER
Classification number 005.8
082 ## - DEWEY DECIMAL CLASSIFICATION NUMBER
Classification number 005.8
100 1# - MAIN ENTRY--PERSONAL NAME
Personal name Fisch, Eric A.
245 00 - TITLE STATEMENT
Title Secure computers and networks : analysis, design, and implementation
Statement of responsibility, etc. Eric A. Fisch, Gregory B. White
260 ## - PUBLICATION, DISTRIBUTION, ETC.
Place of publication, distribution, etc. Boca Raton, FL :
Name of publisher, distributor, etc. CRC Press,
Date of publication, distribution, etc. 2000
300 ## - PHYSICAL DESCRIPTION
Extent 370 s.
650 #0 - SUBJECT ADDED ENTRY--TOPICAL TERM
Topical term or geographic name entry element Computer security
650 #0 - SUBJECT ADDED ENTRY--TOPICAL TERM
Topical term or geographic name entry element Computer networks
General subdivision Security measures
700 1# - ADDED ENTRY--PERSONAL NAME
Personal name White, Gregory B.
942 ## - ADDED ENTRY ELEMENTS (KOHA)
Koha item type Book
Call number prefix 005.8 FIS
Source of classification or shelving scheme
Holdings
Withdrawn status Lost status Damaged status Not for loan Collection code Permanent Location Current Location Shelving location Date acquired Source of acquisition Cost, normal purchase price Total Checkouts Full call number Barcode Date last seen Price effective from Koha item type
          Central Library (CL) Central Library (CL) First Floor - Artificial Intelligence/Data Mining 01/13/2004 Progressive International Agencies 5204.23   005.8 FIS SEECS004116 11/14/2012 01/05/2017 Book
© 2023 Central Library, National University of Sciences and Technology. All Rights Reserved.